| 000 | 01172nam0a22002891 4500 | ||
|---|---|---|---|
| 001 | RU\NLR\INFOCOMM_195\5000041883 | ||
| 005 | 20250613092107.0 | ||
| 035 | _a(NLR Aleph) 009141509 | ||
| 090 |
_a8338787 _c8338787 |
||
| 100 | _a20091016d1969 |||y0rusy50 ca | ||
| 101 | 0 | _aeng | |
| 102 | _aRU | ||
| 105 | _ay ||||000|y | ||
| 200 | 1 |
_aMethodology of calculating the consumption of food products of animal origin (in physical terms) _fV. Borisov _gCentral statistical board. Council of Ministers of the USSR. International seminar (FAO fellowship study tour): "Calculation methods for food consumption in households", July-Aug. 1969 |
|
| 210 |
_aΜ. _d1969 |
||
| 215 |
_a43 с. _d20 см |
||
| 309 | _aОтпечат. множит. аппаратом | ||
| 606 |
_aПитание населения _2nlr_sh1 |
||
| 686 |
_aЭ14-12 _2rubbk |
||
| 700 | 1 |
_9z01790 _aBorisov _bV. A. _gVladimir Alekseevič _4070 |
|
| 712 | 1 | 2 |
_a"Calculation methods for food consumption in households", international seminar _f1969 _4000 |
| 790 | 1 |
_9z01700 _aBorisov _bV. _4070 |
|
| 801 | 1 |
_aRU _bNLR _c20091016 |
|
| 801 | 0 |
_aRU _bNLR _gPSBO |
|
| 852 |
_aNLR _jЭк85 Д-4/22 |
||
| 942 | _cBOOK | ||
| 980 | _aNB | ||